000 00707nam a2200229 a 4500
001 56940
003 BD-RjUL
005 20211209080442.0
008 161205s1926 nyu 001 0 eng u
035 _a(BD-RjUL)57064
040 _cMSC
_dZCU
_dBD-RjUL
_aBD-RjUL
_beng
041 _aeng
082 _223
_a180
_bDRH 1926
100 1 _aDresser, Horatio W.
_q(Horatio Willis)
_9169236
245 0 2 _aA history of ancient and medieval philosophy /
_cHoratio W. Dresser.
260 _aNew York :
_bThomas Y. Crowell,
_c[1926].
300 _a338 p. ;
_c21 cm.
500 _aIncludes index
650 0 _aPhilosophy, Ancient
_xHistory.
_9169237
650 0 _aPhilosophy, Medieval
_xHistory.
_9169238
942 _2ddc
_cBK
999 _c56940
_d56940